000 00381nam a2200145 i 4500
001 83746
003 ES-MaACL
005 20230906174902.0
007 t|
008 041118s1972 sp ||||1| spa d
245 0 0 _aIsla Cristina
_b: fiestas de verano.
260 _a[Sevilla :
_bs.n.,
_c1972]
300 _a12 h., 2 lám. :
_bil. ;
_c27 cm.
852 _aES-MaACL
_jC-47727
_bR.83001
999 _c83746
_d83746